Критика знания: монография

Dades bibliogràfiques
Autor principal: Борзых С. В. Станислав Владимирович
Sumari:Данная книга рассматривает вопросы знания, начиная с того, что им является, и заканчивая современной картиной мира, созданной наукой. Предполагается, что человек обладает лишь частичными и крайне ограни­ченными представлениями о реальности как вследствие своей собственной природы, так и благодаря процессу получения знания.
Idioma:rus
Publicat: Москва, Инфра-М, 2015
Col·lecció:Научная мысль
Философия
Matèries:
Format: MixedMaterials Llibre
KOHA link:https://koha.lib.tpu.ru/cgi-bin/koha/opac-detail.pl?biblionumber=314738

MARC

LEADER 00000nam0a2200000 4500
001 314738
005 20231102002716.0
010 |a 9785160100937 
035 |a (RuTPU)RU\TPU\book\340161 
090 |a 314738 
100 |a 20160218d2015 k y0rusy50 ca 
101 0 |a rus 
102 |a RU 
105 |a y z 000zy 
200 1 |a Критика знания  |e монография  |f С. В. Борзых 
210 |a Москва  |c Инфра-М  |d 2015 
215 |a 117 с. 
225 1 |a Научная мысль 
225 1 |a Философия 
330 |a Данная книга рассматривает вопросы знания, начиная с того, что им является, и заканчивая современной картиной мира, созданной наукой. Предполагается, что человек обладает лишь частичными и крайне ограни­ченными представлениями о реальности как вследствие своей собственной природы, так и благодаря процессу получения знания. 
606 1 |a Научное знание  |2 stltpush  |3 (RuTPU)RU\TPU\subj\45121  |9 64383 
610 1 |a философия 
610 1 |a научное познание 
610 1 |a истина 
610 1 |a картина мира 
610 1 |a логика 
610 1 |a наука 
610 1 |a ученые 
610 1 |a монографии 
686 |a Ю251  |v LBC/SL-A  |2 rubbk 
700 1 |a Борзых  |b С. В.  |g Станислав Владимирович 
801 1 |a RU  |b 63413507  |c 20160218 
801 2 |a RU  |b 63413507  |c 20160404  |g RCR 
942 |c BK 
959 |a 19/20160212  |d 1  |e 219,90  |f ЧЗГЛ:1